000 00697nam a2200229 u 4500
005 20240806063823.0
008 120821s2002 mx r 000 0 spa d
020 _a9700731804
035 _aUPN01000186281
049 _aCG
050 4 _aPQ4621 C8
_bB4.7 2002
100 1 _aCroce, Giulio Cesare,
_d1550-1609
_932609
245 1 0 _aBertoldo, Bertoldino y Cacaseno /
_cDella Croce ; adaptación José Baeza ; il. Albert.
250 _a2a ed.
260 _aMéxico :
_bPorrúa,
_c2002.
300 _a91, [6] p. :
_bil. col.
440 0 _aBiblioteca juvenil Porrúa ;
_v54
650 4 _aLiteratura italiana
_95068
650 4 _aLiteratura juvenil
_95153
905 _aLibro
999 _c158384
_d158384